000 01427nam0a2200337 4500
001 RU\NLR\BIBL_A\011367425
005 20170510113753.0
010 _a978-5-00111-030-9
_94000
021 _aRU
_bКН-П-20-039975
_9КН-П-20-3026
035 _a(NLR Aleph) 011367425
035 _a(RuMoRGB)008829170
090 _a11331906
_c11331906
100 _a20170413d2017 d y0rusy50 ca
101 1 _arus
_ceng
102 _aRU
105 _aa z 000ay
200 1 _aЧетвертый оруженосец
_e[для среднего школьного возраста]
_fЭрин Хантер
_gперевод [с английского] Вероники Максимовой
_gиллюстрации Леонида Насырова
210 _aМосква
_cОлма
_cАбрис
_d2017
215 _a318, [1] с.
_cил.
_d21
225 1 _aСерия "Коты-воители"
686 _aШ9(2)72(4Вл)
_2rubbk
686 0 _aШ9(4Вл)62-4
700 1 _7ca
_8rus
_aХантер
_bЭ.
_cколлективный псевдоним
_gЭрин
_976007
_3RU\NLR\AUTH\7793081
702 1 _4440
_7ca
_8rus
_aНасыров
_bЛ. Х.
_cиллюстратор
_f1943-
_gЛеонид Хамидович
_952445
_3RU\NLR\AUTH\7769517
942 _cBOOK
980 _aNBR
980 _aNB